| 000 | 00485nam a22001817a 4500 | ||
|---|---|---|---|
| 005 | 20251108172100.0 | ||
| 008 | 250721s1986 xx 000 0 ara d | ||
| 082 | 1 | 4 | _a928.21/الي |
| 100 | 1 |
_aاليوسف، يوسف سامي _eترجمة |
|
| 245 | 1 | 0 | _aت . س . اليوت / |
| 264 | 1 |
_aعمان : _bدار منارات، _c1986. |
|
| 300 | _a150ص | ||
| 650 | 1 | 7 | _aالشعر |
| 650 | 1 | 7 | _aالإنجليز |
| 650 | 1 | 7 | _aالتراجم |
| 942 |
_2ddc _cBK |
||
| 999 |
_c70015 _d70015 |
||